Statistics for Countries bordering Asia

Click here to take the quiz!

General Stats

  • This quiz has been taken 38 times
  • The average score is 4 of 5

Answer Stats

HintAnswer% Correct
AFRICAEgypt
91%
EUROPEGreece
91%
OCEANIAPapua New Guinea
88%
EUROPERussia
84%
EUROPEBulgaria
72%

Score Distribution

Percentile by Number Answered

Percent of People with Each Score

Your Score History

You have not taken this quiz